BIBLIOTECA PODER JUDICIAL
Portal Judicial TDF

Poder discrecional administrativo : (Registro nro. 21)

000 -LEADER
fixed length control field 01669nam a22001937a 4500
003 - CONTROL NUMBER IDENTIFIER
control field OSt
005 - DATE AND TIME OF LATEST TRANSACTION
control field 20190116091159.0
008 - FIXED-LENGTH DATA ELEMENTS--GENERAL INFORMATION
fixed length control field 180306b xxu||||| |||| 00| 0 spa d
040 ## - CATALOGING SOURCE
Transcribing agency PJ
100 ## - ASIENTO PRINCIPAL - NOMBRE DE PERSONA
Personal name Linares, Juan Francisco
9 (RLIN) 13
245 10 - MENCIÓN DE TÍTULO
Título propiamente dicho Poder discrecional administrativo :
Parte restante del título (arbitrio administrativo) /
Mención de responsabilidad, etc Juan Francisco Linares.
260 ## - PUBLICATION, DISTRIBUTION, ETC. (IMPRINT)
Place of publication, distribution, etc Buenos Aires :
Name of publisher, distributor, etc Abeledo-Perrot,
Date of publication, distribution, etc 1958.
300 ## - DESCRIPCION FISICA
Extent 302 p.
Dimensions 20 cm.
504 ## - NOTA DE BIBLIOGRAFÍA, ETC.
Bibliography, etc Bibliografía: p. 285- 292.
505 ## - FORMATTED CONTENTS NOTE
Formatted contents note Contenido:<br/>Arbitrio ordinario y extraordinario -- Arbitrio ordinario, extraordinario y norma -- Totalidad del ordenamiento jurídico y el arbitrio -- Formulas elásticas aplicadas por normas generales o por norma individuales -- La fórmula elástica expresada, la construida y la explicitada -- Leyes de competencia y normas de competencia -- Fines de conducta y regla de especialidad -- Competencia y regla de especialidad -- Ubicación del contenido dogmatico de finalidad en la norma -- Estado de derecho y legalidad de la administración -- Racionabilidad y valoración jurídica -- Las sanciones contra el órgano administrativo -- El deber de razonabilidad a cargo de la administración en la República Argentina -- Arbitrio administrativo ordinario y su ejercicio razonable e irrazonable -- Arbitrio extraordinario y su ejercicio razonable e irrazonable -- Relación entre las formulas de razonabilidad y de finalidad -- El acto administrativo con mero fundamento de razonabilidad -- Arbitrio administrativo y política -- Recapitulación y genero próximo.
650 ## - ASIENTO SECUNDARIO DE MATERIA - TERMINO TEMATICO
Topical term or geographic name as entry element DERECHO ADMINISTRATIVO
9 (RLIN) 211
650 #0 - ASIENTO SECUNDARIO DE MATERIA - TERMINO TEMATICO
Topical term or geographic name as entry element ACTO ADMINISTRATIVO
9 (RLIN) 1171
942 ## - ADDED ENTRY ELEMENTS (KOHA)
Koha item type Libros
Source of classification or shelving scheme
Classification part 351.9
Item part LIN
Existencias
Withdrawn status Lost status Source of classification or shelving scheme Damaged status Not for loan Permanent Location Current Location Date acquired Total Checkouts Full call number Barcode Date last seen Date checked out Price effective from Koha item type
          Biblioteca Poder Judicial Sur Biblioteca Poder Judicial Sur 2018-02-26 1 342.9 LIN 3840 2022-09-27 2022-09-21 2018-02-26 Libros

12 de Octubre 789 Ushuaia - Tel:  54(02901)441571
Horario de Atención: 8.00 a 17.00 hs. 
bibliotecaush@justierradelfuego.gov.ar
koha@justierradelfuego.gov.ar
Seguinos en nuestras redes @bibliojustdf 

Con tecnología Koha